00677nam a2200169 a 450000100100000000500170001000800410002704000250006808200200009310000420011324500800015525000600023526000470029530000300034295201180037299900170049000003372120200930070453.0110907s1891 fr c 000 0 spa d aDO-SdBNPbspacBNPHU axxxbM843, 18911 aMoreno del Christo, Gabriel B.95916510aÁlbum del comendador Moreno del Christo /cGabriel B. Moreno del Christo. a4 ed. mejorada, aumentada y adornada con finos grabados aParís :bImprenta de P. Mouillot,c1891. a263 p. :bretr. ;c23 cm. 001050718RVaGRbGRcCTd2011-09-07iLF1l0oxxx M843, 1891p33721-10r2020-06-25w2020-06-25y1ZNo se presta c33212d33212